101 Fantastic (Record no. 853092)

MARC details
000 -LEADER
fixed length control field 00317nam a2200133Ia 4500
008 - FIXED-LENGTH DATA ELEMENTS--GENERAL INFORMATION
fixed length control field 230818s2006 xx 000 0 und d
041 ## - LANGUAGE CODE
Language code of text/sound track or separate title eng
100 ## - MAIN ENTRY--PERSONAL NAME
Personal name flona
245 ## - TITLE STATEMENT
Title 101 Fantastic
260 ## - PUBLICATION, DISTRIBUTION, ETC.
Name of publisher, distributor, etc. British Library cataloguing in Pub.
Date of publication, distribution, etc. 2006
300 ## - PHYSICAL DESCRIPTION
Extent 100p
520 ## - SUMMARY, ETC.
Summary, etc. General
650 ## - SUBJECT ADDED ENTRY--TOPICAL TERM
Topical term or geographic name entry element Food Production
Holdings
Withdrawn status Lost status Damaged status Not for loan Home library Current library Date acquired Source of acquisition Cost, normal purchase price Total Checkouts Barcode Date last seen Price effective from Koha item type
        College of Hotel & Tourism Management Studies, Navi Mumbai College of Hotel & Tourism Management Studies, Navi Mumbai 18/08/2023 Chemtech Book 695.00   HMM-A1361 18/08/2023 18/08/2023 Book